000 00537nam a22001817a 4500
003 NUST
005 20260408124122.0
008 260408b ||||| |||| 00| 0 eng d
020 _a978-9698581169
082 _a630.95491
_bPAK
100 _aMinistry of Food and Agriculture
_9133987
245 _aCrops Area and Production by Districts 2007-08 & 2008-09 /
_cMinistry of Food and Agriculture.
250 _a10th Edition
260 _aPakistan:
_bGOP,
_c2010.
300 _a207 p ;
_c30.00 cm
563 _aPaperback
942 _2ddc
_cBK
999 _c616903
_d616903